Trouvez les paroles - Marguerite - Les filles, les meufs - Statistiques

Statistiques générales
  • Ce quiz a été pris 64 fois
  • Le résultat moyen est 245 sur 323
Statistiques - réponses
Réponse % Correct
à
98%
de
94%
J'ai
94%
j'ai
94%
le
94%
des
93%
je
93%
Je
93%
filles
91%
se
91%
et
89%
Et
89%
femmes
89%
les
89%
meufs
89%
moi
89%
Moi
89%
qu'a
89%
un
89%
ami
87%
la
87%
mec
87%
préfère
87%
qui
87%
Qui
87%
aussi
85%
ma
85%
que
85%
Que
85%
dans
83%
j'aime
83%
mon
83%
plus
83%
quand
81%
vrai
81%
dit
80%
pecs
80%
sens
80%
Mais
78%
mais
78%
teuf
78%
tranquille
78%
y'a
78%
depuis
76%
J'me
76%
père
76%
fort
74%
frères
74%
parle
74%
vie
74%
mieux
72%
bars
69%
j'adore
67%
fait
65%
kéké
65%
leurs
65%
c'est
63%
C'est
63%
l'ai
63%
si
63%
su
63%
toujours
63%
on
61%
comme
59%
eu
59%
jamais
59%
pas
59%
petit
59%
pour
59%
ai
57%
grandes
57%
idées
57%
pleurer
57%
amoureux
56%
écartées
56%
jambes
56%
devant
54%
peine
54%
avait
52%
bagarrer
52%
garder
52%
Ils
52%
ils
52%
sera
52%
gars
50%
l'miroir
50%
coeur
48%
douleurs
48%
marrer
48%
m'font
48%
quittés
48%
saigne
48%
trop
48%
d'argent
46%
puis
46%
qu'ils
46%
s'compare
46%
deux
44%
elles
44%
fera
44%
p'tites
44%
remarqués
44%
sur
44%
virilité
44%
Désolée
43%
jour
43%
parfois
43%
premier
43%
s'empechent
43%
foutue
41%
prêts
41%
froncés
39%
longtemps
39%
m'entendaient
39%
ouais
39%
sourcils
39%
cette
37%
doutes
37%
j'avais
37%
m'écoutaient
37%
parler
37%
saignent
37%
tiendra
37%
compliqué
35%
sais
35%
eux
33%
j'avoue
30%
assez
26%
poi
7%
Aucun quiz correspondant
Distribution des résultats
% des personnes avec chaque résultat
Percentile par nombre de réponses
Votre historique - résultats
Vous n’avez pas pris ce quiz